02575 2201105 4500001002100000005001500021035002000036007000300056008004100059020002200100100001400122245007800136250000600214260003100220300004300251650001500294700001400309856001400323082000800337084001400345990001500359990001500374990001500389990001500404990001500419990001500434990001500449990001500464990001500479990001500494990001500509990001500524990001500539990001500554990001500569990001500584990001500599990001500614990001500629990001500644990001500659990001500674990001500689990001500704990001500719990001500734990001500749990001500764990001500779990001500794990001500809990001500824990001500839990001500854990001500869990001500884990001500899990001500914990001500929990001500944990001500959990001500974990001500989990001501004990001501019990001501034990001501049990001501064990001501079990001501094990001501109990001501124990001501139990001501154990001501169990001501184990001501199990001501214990001501229990001501244990001501259990001501274990001501289990001501304990001501319990001501334990001501349990001501364990001501379990001501394990001501409990001501424990001501439990001501454INLIS00000000000237820260414092559 a0010-0226000066ta260414 0 ind  a978-623-180-917-90 aHafid Z.B1 aPrakarya & Kewirausahaan Untuk SMA/MA Kelas XI /cHafid Z.B dan Ilham H.F a- aJakarta :bErlangga,c2023 a260 hlm :bIlust ;c17,6 cm x 25 cme- 4aIlmu Murni0 aIlham H.F a600 HAF p a600 a600 HAF p aKumer14182 aKumer14183 aKumer14184 aKumer14185 aKumer14186 aKumer14187 aKumer14188 aKumer14189 aKumer14190 aKumer14191 aKumer14192 aKumer14193 aKumer14194 aKumer14195 aKumer14196 aKumer14197 aKumer14198 aKumer14199 aKumer14200 aKumer14201 aKumer14202 aKumer14203 aKumer14204 aKumer14205 aKumer14206 aKumer14207 aKumer14208 aKumer14209 aKumer14210 aKumer14211 aKumer14212 aKumer14213 aKumer14214 aKumer14215 aKumer14216 aKumer14217 aKumer14218 aKumer14219 aKumer14220 aKumer14221 aKumer14222 aKumer14223 aKumer14224 aKumer14225 aKumer14226 aKumer14227 aKumer14228 aKumer14229 aKumer14230 aKumer14231 aKumer14232 aKumer14233 aKumer14234 aKumer14235 aKumer14236 aKumer14237 aKumer14238 aKumer14239 aKumer14240 aKumer14241 aKumer14242 aKumer14243 aKumer14244 aKumer14245 aKumer14246 aKumer14247 aKumer14248 aKumer14249 aKumer14250 aKumer14251 aKumer14252 aKumer14253 aKumer14254 aKumer14255